[Event "Florianopolis op-B"]
[Site "Florianopolis"]
[Date "2023.09.24"]
[Round "5"]
[White "Pereira, Gabriel Alexandre D"]
[Black "Panazzolo, Paulo Victor"]
[Result "0-1"]
[WhiteElo "1767"]
[BlackElo "1746"]
[PlyCount "42"]
[EventDate "2023.09.22"]
[EventType "swiss"]
[EventRounds "6"]
[EventCountry "BRA"]
[SourceTitle "EXT 2024"]
[Source "ChessBase"]
[SourceDate "2023.10.10"]
[SourceVersion "1"]
[SourceVersionDate "2023.10.10"]
[SourceQuality "1"]

1. e4 e5 2. Nf3 Nc6 3. Nc3 Nf6 4. Bc4 Nxe4 5. Bxf7+ Kxf7 6. Nxe4 d5 7. Ng3 e4 8. Ng1 Bc5 9. d3 Qf6 10. Qh5+ Kf8 11. Be3 Bxe3 12. fxe3 Qxb2 13. Rd1 Nb4 14. N1e2 Nxc2+ 15. Kf2 Qf6+ 16. Kg1 Nxe3 17. Rf1 Nxf1 18. Nxf1 exd3 19. Qxd5 dxe2 20. Qc5+ Kg8 21. Qc4+ Qe6 0-1

[Event "Florianopolis op 9th"]
[Site "Florianopolis"]
[Date "2023.01.29"]
[Round "10"]
[White "Urquiza, Marcello de Albuque"]
[Black "Panazzolo, Paulo Victor"]
[Result "1-0"]
[WhiteElo "2007"]
[BlackElo "1788"]
[PlyCount "39"]
[EventDate "2023.01.23"]
[EventType "swiss"]
[EventRounds "10"]
[EventCountry "BRA"]
[SourceTitle "CBM 212 Extra"]
[Source "ChessBase"]
[SourceDate "2023.03.31"]
[SourceVersion "1"]
[SourceVersionDate "2023.03.31"]
[SourceQuality "1"]

1. e4 e5 2. Nf3 Nc6 3. Bb5 a6 4. Ba4 Nf6 5. 0-0 b5 6. Bb3 Be7 7. c3 0-0 8. Qe2 d5 9. d4 Bg4 10. Nbd2 exd4 11. e5 Ne4 12. Nxe4 dxe4 13. Qxe4 Bxf3 14. gxf3 Na5 15. Bc2 g6 16. cxd4 Qd7 17. Bh6 Rfe8 18. Rac1 Nc4 19. Bb3 Na5 20. e6 1-0

[Event "Florianopolis op 9th"]
[Site "Florianopolis"]
[Date "2023.01.28"]
[Round "8"]
[White "Butzke, Lucas de Castro"]
[Black "Panazzolo, Paulo Victor"]
[Result "0-1"]
[WhiteElo "1564"]
[BlackElo "1788"]
[PlyCount "54"]
[EventDate "2023.01.23"]
[EventType "swiss"]
[EventRounds "10"]
[EventCountry "BRA"]
[SourceTitle "CBM 212 Extra"]
[Source "ChessBase"]
[SourceDate "2023.03.31"]
[SourceVersion "1"]
[SourceVersionDate "2023.03.31"]
[SourceQuality "1"]

1. e4 e5 2. Nf3 Nc6 3. Bc4 Nf6 4. d3 Be7 5. c3 0-0 6. 0-0 d6 7. Bb3 Be6 8. Bc2 d5 9. exd5 Nxd5 10. Re1 Bd6 11. Nbd2 Nf4 12. Ne4 Ng6 13. Nxd6 Qxd6 14. h3 Rad8 15. Be3 Bf5 16. d4 exd4 17. Nxd4 Nxd4 18. Bxd4 Bxc2 19. Qxc2 c5 20. Be3 Qc6 21. Rad1 Nh4 22. f3 Rxd1 23. Rxd1 Re8 24. Qf2 g6 25. Bxc5 b6 26. Qxh4 Qxc5+ 27. Qd4 Rd8 0-1

[Event "Florianopolis op 9th"]
[Site "Florianopolis"]
[Date "2023.01.28"]
[Round "9"]
[White "Panazzolo, Paulo Victor"]
[Black "Mariano, Marceley Martins"]
[Result "1-0"]
[WhiteElo "1788"]
[BlackElo "2089"]
[PlyCount "57"]
[EventDate "2023.01.23"]
[EventType "swiss"]
[EventRounds "10"]
[EventCountry "BRA"]
[SourceTitle "CBM 212 Extra"]
[Source "ChessBase"]
[SourceDate "2023.03.31"]
[SourceVersion "1"]
[SourceVersionDate "2023.03.31"]
[SourceQuality "1"]

1. Nf3 d5 2. g3 c5 3. c4 d4 4. b4 cxb4 5. a3 bxa3 6. Bxa3 Nc6 7. Bg2 g6 8. 0-0 Bg7 9. d3 Nh6 10. Nbd2 0-0 11. Qa4 Re8 12. Rfb1 e5 13. Ne1 Qc7 14. Nc2 Bd7 15. Ne4 Na5 16. Qb4 Bc6 17. Bc1 Bxe4 18. Bxe4 b6 19. Bxa8 Rxa8 20. c5 Bf8 21. Bxh6 Bxh6 22. cxb6 axb6 23. Ne1 Rc8 24. Qxb6 Qxb6 25. Rxb6 Nc6 26. Nf3 Ne7 27. Nxe5 Nd5 28. Rb7 f6 29. Nf3 1-0

[Event "Florianopolis op 9th"]
[Site "Florianopolis"]
[Date "2023.01.23"]
[Round "1"]
[White "Panazzolo, Paulo Victor"]
[Black "Ribeiro, Dionatan Lua Franze"]
[Result "1-0"]
[WhiteElo "1788"]
[BlackElo "1800"]
[PlyCount "51"]
[EventDate "2023.01.23"]
[EventType "swiss"]
[EventRounds "10"]
[EventCountry "BRA"]
[SourceTitle "CBM 212 Extra"]
[Source "ChessBase"]
[SourceDate "2023.03.31"]
[SourceVersion "1"]
[SourceVersionDate "2023.03.31"]
[SourceQuality "1"]

1. e4 c5 2. Nf3 d6 3. d4 cxd4 4. Nxd4 a6 5. Nc3 Nc6 6. Be3 Nf6 7. Qd2 e6 8. Be2 Be7 9. 0-0-0 Qc7 10. g4 Nxd4 11. Bxd4 e5 12. Be3 Bxg4 13. Rhg1 Bxe2 14. Qxe2 b5 15. Rxg7 Qa5 16. Kb1 Rc8 17. Qd3 Rc4 18. Nd5 Nxd5 19. Qxd5 Qc7 20. Qxf7+ Kd8 21. Bb6 Qxb6 22. Qxe7+ Kc8 23. Rxd6 Qxd6 24. Qxd6 Rd8 25. Qxa6+ Kb8 26. Qb7# 1-0

[Event "Florianopolis Winter op 6th"]
[Site "Florianopolis"]
[Date "2022.07.14"]
[Round "4"]
[White "Panazzolo, Paulo Victor"]
[Black "Sergio, Claudio Santos"]
[Result "0-1"]
[WhiteElo "1793"]
[BlackElo "2009"]
[PlyCount "40"]
[EventDate "2022.07.13"]
[EventType "swiss"]
[EventRounds "9"]
[EventCountry "BRA"]
[SourceTitle "CBM 209 Extra"]
[Source "ChessBase"]
[SourceDate "2022.09.30"]
[SourceVersion "1"]
[SourceVersionDate "2022.09.30"]
[SourceQuality "1"]

1. e4 e5 2. Nf3 Nc6 3. Bb5 f5 4. d3 fxe4 5. dxe4 Nf6 6. 0-0 d6 7. Nc3 Be7 8. h3 a6 9. Bc4 b5 10. Bb3 Na5 11. Qe2 Nxb3 12. axb3 Bd7 13. Rd1 0-0 14. Bg5 Qe8 15. Nh4 Nh5 16. Bxe7 Nf4 17. Qe3 Qxe7 18. Qg3 Be6 19. Rd2 Nh5 20. Nf5 Rxf5 0-1

[Event "Florianopolis Winter op 6th"]
[Site "Florianopolis"]
[Date "2022.07.13"]
[Round "2"]
[White "Panazzolo, Paulo Victor"]
[Black "Duarte, Giovanna Torqui"]
[Result "1-0"]
[WhiteElo "1793"]
[BlackElo "1048"]
[PlyCount "89"]
[EventDate "2022.07.13"]
[EventType "swiss"]
[EventRounds "9"]
[EventCountry "BRA"]
[SourceTitle "CBM 209 Extra"]
[Source "ChessBase"]
[SourceDate "2022.09.30"]
[SourceVersion "1"]
[SourceVersionDate "2022.09.30"]
[SourceQuality "1"]

1. e4 e5 2. Nf3 d6 3. d4 exd4 4. Qxd4 Nc6 5. Bb5 Bd7 6. Bxc6 Bxc6 7. 0-0 Be7 8. Nc3 Bf6 9. Qe3 Ne7 10. Nd5 Bb5 11. Nxf6+ gxf6 12. Re1 Qd7 13. b3 Rg8 14. Bb2 Qh3 15. g3 Rg6 16. Rad1 Ng8 17. c4 Bc6 18. c5 0-0-0 19. cxd6 f5 20. dxc7 Kxc7 21. Be5+ Kc8 22. Qxa7 Rgd6 23. Rxd6 Rxd6 24. Bxd6 Kd7 25. Qd4 Bxe4 26. Be5+ Ke8 27. Rxe4 fxe4 28. Qxe4 Kf8 29. Qxb7 Qe6 30. Ng5 Qf5 31. Qb8+ Ke7 32. Qd6+ Ke8 33. Qb8+ Ke7 34. Qxg8 Qxe5 35. Qxf7+ Kd6 36. Qe6+ Qxe6 37. Nxe6 Kxe6 38. b4 Kf5 39. b5 Kg4 40. b6 h6 41. b7 h5 42. b8Q Kf5 43. h4 Kg4 44. Qf4+ Kh3 45. Qf5# 1-0

[Event "Florianopolis op 8th"]
[Site "Florianopolis"]
[Date "2022.01.25"]
[Round "2"]
[White "Panazzolo, Paulo Victor"]
[Black "Souza, Iago Henrique Da Si"]
[Result "1/2-1/2"]
[WhiteElo "1777"]
[BlackElo "2058"]
[PlyCount "101"]
[EventDate "2022.01.24"]
[EventType "swiss"]
[EventRounds "10"]
[EventCountry "BRA"]
[SourceTitle "CBM 206 Extra"]
[Source "ChessBase"]
[SourceDate "2022.03.31"]
[SourceVersion "1"]
[SourceVersionDate "2022.03.31"]
[SourceQuality "1"]

1. e4 c6 2. d4 d5 3. exd5 cxd5 4. c4 Nf6 5. Nc3 Nc6 6. Nf3 Bg4 7. cxd5 Nxd5 8. Qb3 Bxf3 9. gxf3 e6 10. Qxb7 Nxd4 11. Bb5+ Nxb5 12. Qc6+ Ke7 13. Qxb5 Nxc3 14. bxc3 Qd5 15. Rb1 Rd8 16. Be3 Kf6 17. Rg1 h6 18. Qxd5 Rxd5 19. Bxa7 Bd6 20. Bd4+ e5 21. Be3 Ra8 22. Rb2 Rda5 23. Rg4 Rxa2 24. Rxa2 Rxa2 25. Rc4 Ke6 26. Rc8 f5 27. Rg8 Kf7 28. Rd8 Be7 29. Rd7 Ke6 30. Rc7 f4 31. Bc5 Bf6 32. c4 Kf5 33. Be7 Rc2 34. Bxf6 Kxf6 35. c5 Kf5 36. c6 e4 37. fxe4+ Kxe4 38. Kd1 Rc5 39. Ke2 f3+ 40. Kd2 g5 41. Rc8 Kf4 42. c7 Kg4 43. Ke3 h5 44. Kd4 Rc2 45. Kd3 Rc6 46. Ke4 h4 47. Kd5 Rc2 48. Ke4 Rc1 49. Ke3 Rc2 50. Kd3 Rc1 51. Ke4 1/2-1/2

[Event "BRA-ch 87th"]
[Site "Cuiaba"]
[Date "2021.11.04"]
[Round "11"]
[White "Panazzolo, Paulo Victor"]
[Black "Braga, Marcelo Melem"]
[Result "1-0"]
[WhiteElo "1790"]
[BlackElo "1531"]
[PlyCount "65"]
[EventDate "2021.10.28"]
[EventType "swiss"]
[EventRounds "11"]
[EventCountry "BRA"]
[SourceTitle "CBM 205 Extra"]
[Source "ChessBase"]
[SourceDate "2022.01.31"]
[SourceVersion "1"]
[SourceVersionDate "2022.01.31"]
[SourceQuality "1"]

1. e4 c6 2. d4 d5 3. exd5 cxd5 4. c4 dxc4 5. Bxc4 e6 6. Nf3 Nc6 7. 0-0 h6 8. d5 Na5 9. dxe6 Qxd1 10. exf7+ Ke7 11. Rxd1 Nxc4 12. fxg8Q Rxg8 13. Nc3 Bg4 14. Nd5+ Kf7 15. Ne3 Bxf3 16. gxf3 Ne5 17. f4 Nf3+ 18. Kg2 Nh4+ 19. Kf1 Ke6 20. Ng2 Nxg2 21. Kxg2 Bd6 22. Re1+ Kf5 23. Bd2 g5 24. fxg5 Bf4 25. Bxf4 Kxf4 26. Re3 Rxg5+ 27. Rg3 Rag8 28. Rc1 R8g7 29. Rc4+ Ke5 30. Rc5+ Kd4 31. Rcxg5 Rxg5 32. Rxg5 hxg5 33. Kg3 1-0

[Event "BRA-ch 87th"]
[Site "Cuiaba"]
[Date "2021.10.31"]
[Round "6"]
[White "Panazzolo, Paulo Victor"]
[Black "Silva, Guilherme Henrique"]
[Result "0-1"]
[WhiteElo "1790"]
[BlackElo "1943"]
[PlyCount "64"]
[EventDate "2021.10.28"]
[EventType "swiss"]
[EventRounds "11"]
[EventCountry "BRA"]
[SourceTitle "CBM 205 Extra"]
[Source "ChessBase"]
[SourceDate "2022.01.31"]
[SourceVersion "1"]
[SourceVersionDate "2022.01.31"]
[SourceQuality "1"]

1. e4 c5 2. Nf3 e6 3. d4 cxd4 4. Nxd4 a6 5. Be2 Nf6 6. Nc3 Qc7 7. 0-0 d6 8. Kh1 b5 9. a3 Bb7 10. f3 Be7 11. Qe1 Nbd7 12. Be3 d5 13. exd5 Nxd5 14. Nxd5 Bxd5 15. c3 0-0 16. Bd3 Bf6 17. Rd1 Nb6 18. Qf2 Nc4 19. Rfe1 Nxe3 20. Qxe3 h6 21. Be4 Bg5 22. Qf2 Rad8 23. Ne2 Bb3 24. Rxd8 Rxd8 25. f4 Bf6 26. Ng3 g6 27. Qe3 Qd6 28. h3 Bh4 29. Kh2 Qd2 30. Re2 Qxe3 31. Rxe3 Rd2 32. Ne2 Bf2 0-1

[Event "BRA-ch 87th"]
[Site "Cuiaba"]
[Date "2021.10.28"]
[Round "1"]
[White "Panazzolo, Paulo Victor"]
[Black "Santos, Marcus Vinicius M"]
[Result "0-1"]
[WhiteElo "1790"]
[BlackElo "2375"]
[PlyCount "76"]
[EventDate "2021.10.28"]
[EventType "swiss"]
[EventRounds "11"]
[EventCountry "BRA"]
[SourceTitle "CBM 205 Extra"]
[Source "ChessBase"]
[SourceDate "2022.01.31"]
[SourceVersion "1"]
[SourceVersionDate "2022.01.31"]
[SourceQuality "1"]

1. e4 g6 2. d4 Bg7 3. Nc3 d6 4. Nf3 a6 5. Be2 b5 6. 0-0 Bb7 7. a3 Nd7 8. Bg5 c5 9. d5 Ngf6 10. Nd2 0-0 11. f4 Qc7 12. Qe1 e6 13. dxe6 fxe6 14. Bf3 Rae8 15. Qh4 b4 16. Ne2 a5 17. Ng3 c4 18. axb4 axb4 19. c3 bxc3 20. bxc3 Nc5 21. Kh1 Nd3 22. f5 Qc5 23. fxg6 hxg6 24. h3 Nh7 25. e5 Bxf3 26. Nxf3 Nxe5 27. Nxe5 Qxe5 28. Bf4 g5 29. Bxe5 gxh4 30. Bxg7 Kxg7 31. Ra7+ Kg6 32. Rxf8 Rxf8 33. Ne4 d5 34. Nc5 Rf1+ 35. Kh2 Ng5 36. Re7 Re1 37. Nd7 Re3 38. Nc5 Kf6 0-1

[Event "Florianopolis op 09"]
[Site "Florianopolis"]
[Date "2021.09.25"]
[Round "4"]
[White "Volkmann, Andre Jordi"]
[Black "Panazzolo, Paulo Victor"]
[Result "1-0"]
[WhiteElo "2067"]
[BlackElo "1776"]
[PlyCount "43"]
[EventDate "2021.09.24"]
[EventType "swiss"]
[EventRounds "6"]
[EventCountry "BRA"]
[SourceTitle "EXT 2024"]
[Source "ChessBase"]
[SourceDate "2023.10.10"]
[SourceVersion "1"]
[SourceVersionDate "2023.10.10"]
[SourceQuality "1"]

1. f4 e5 2. fxe5 d6 3. exd6 Bxd6 4. Nf3 g5 5. d4 g4 6. Ne5 Nc6 7. Nxc6 Qh4+ 8. g3 Bxg3+ 9. hxg3 Qxg3+ 10. Kd2 bxc6 11. Qe1 Qd6 12. e3 Nf6 13. Bd3 c5 14. b3 Bb7 15. Rf1 Ne4+ 16. Bxe4 Bxe4 17. Ba3 Qg6 18. Nc3 cxd4 19. Nxe4 Qxe4 20. exd4 Qxe1+ 21. Raxe1+ Kd8 22. Rxf7 1-0

[Event "Santa Catarina State-ch 65th"]
[Site "Rio Negrinho"]
[Date "2021.07.25"]
[Round "6"]
[White "Panazzolo, Paulo Victor"]
[Black "Cezar, Ricardo de Almeida"]
[Result "1-0"]
[WhiteElo "1758"]
[BlackElo "1741"]
[PlyCount "73"]
[EventDate "2021.07.22"]
[EventType "swiss"]
[EventRounds "7"]
[EventCountry "BRA"]
[SourceTitle "EXT 2022"]
[Source "ChessBase"]
[SourceDate "2021.10.06"]
[SourceVersion "1"]
[SourceVersionDate "2021.10.06"]
[SourceQuality "1"]

1. Nf3 d5 2. g3 Nf6 3. Bg2 Bf5 4. 0-0 e6 5. d4 Be7 6. c4 c6 7. Nc3 Nbd7 8. b3 h6 9. Bb2 0-0 10. Rc1 Bg6 11. Re1 Qb6 12. cxd5 Nxd5 13. Nxd5 exd5 14. Ne5 Nxe5 15. dxe5 Bc5 16. e3 Bb4 17. Rf1 Rfe8 18. h4 Rad8 19. h5 Be4 20. Bxe4 dxe4 21. Qg4 Rd2 22. Ba1 Rxa2 23. e6 Rxa1 24. exf7+ Kxf7 25. Rxa1 Bc3 26. Rad1 Bf6 27. Rd7+ Kg8 28. Qg6 Rf8 29. Qxe4 Rd8 30. Qe6+ Kh8 31. Rxd8+ Qxd8 32. e4 Qd4 33. Qg4 Qb4 34. Rd1 Qxb3 35. Rd7 Qb6 36. Qf5 Qb2 37. Rc7 1-0

[Event "Florianopolis op 7th"]
[Site "Florianopolis"]
[Date "2021.01.23"]
[Round "8"]
[White "Panazzolo, Paulo Victor"]
[Black "Montanu, Dan Vladimir"]
[Result "0-1"]
[WhiteElo "1741"]
[BlackElo "1957"]
[PlyCount "74"]
[EventDate "2021.01.18"]
[EventType "swiss"]
[EventRounds "10"]
[EventCountry "BRA"]
[SourceTitle "CBM 200 Extra"]
[Source "ChessBase"]
[SourceDate "2021.03.31"]
[SourceVersion "1"]
[SourceVersionDate "2021.03.31"]
[SourceQuality "1"]

1. e4 e6 2. d4 d5 3. Nd2 c5 4. Ngf3 Nc6 5. exd5 exd5 6. Bd3 c4 7. Be2 Bd6 8. 0-0 Nf6 9. Re1 0-0 10. Nf1 Ne4 11. Ne3 Be6 12. Bxc4 dxc4 13. d5 Bxd5 14. Qxd5 Nf6 15. Qxc4 Rc8 16. Bd2 Ne5 17. Qe2 Nxf3+ 18. gxf3 Rc5 19. Qd3 Nh5 20. Nf1 Rd5 21. Qe3 Rd4 22. Qe2 Qh4 23. Ng3 Bf4 24. Bxf4 Nxf4 25. Qf1 Nh3+ 26. Kg2 Ng5 27. Re3 f5 28. Rd3 Rf4 29. Qe2 Qh3+ 30. Kg1 Rh4 31. Nf1 f4 32. Rad1 h6 33. Rb3 Ne6 34. Rd6 Rf6 35. Rxe6 Rxe6 36. Qc4 Kh7 37. Qd3+ Rg6+ 0-1

[Event "Florianopolis op 6th"]
[Site "Florianopolis"]
[Date "2020.01.25"]
[Round "8"]
[White "Panazzolo, Paulo Victor"]
[Black "Okamura, Milton Kasuo"]
[Result "1-0"]
[WhiteElo "1727"]
[BlackElo "1946"]
[PlyCount "77"]
[EventDate "2020.01.20"]
[EventType "swiss"]
[EventRounds "10"]
[EventCountry "BRA"]
[SourceTitle "CBM 194 Extra"]
[Source "ChessBase"]
[SourceDate "2020.03.31"]
[SourceVersion "1"]
[SourceVersionDate "2020.03.31"]
[SourceQuality "1"]

1. d4 d5 2. c4 e6 3. Nf3 c6 4. cxd5 exd5 5. g3 Nf6 6. Bg2 Bd6 7. 0-0 0-0 8. Nc3 Bf5 9. Bg5 Nbd7 10. e3 h6 11. Bf4 Be7 12. h3 g5 13. Be5 Nxe5 14. dxe5 Nd7 15. Nd4 Bg6 16. e6 Nc5 17. exf7+ Rxf7 18. b4 Nd3 19. a3 Bf6 20. Ra2 Qe7 21. Rd2 Ne5 22. e4 dxe4 23. Nxe4 Bg7 24. Nc5 Bh8 25. Nf3 Nxf3+ 26. Bxf3 Raf8 27. Be2 Kh7 28. Rd7 Qf6 29. Bc4 Re7 30. Rxb7 Bg7 31. Rxe7 Qxe7 32. Bd3 Bxd3 33. Qxd3+ Kh8 34. Qg6 Rf6 35. Qd3 Rd6 36. Qe3 Qf7 37. Re1 Bd4 38. Qe8+ Kg7 39. Re7 1-0

[Event "Florianopolis op 6th"]
[Site "Florianopolis"]
[Date "2020.01.21"]
[Round "3"]
[White "Calcada, Lucas Galvan"]
[Black "Panazzolo, Paulo Victor"]
[Result "1/2-1/2"]
[WhiteElo "1496"]
[BlackElo "1727"]
[PlyCount "55"]
[EventDate "2020.01.20"]
[EventType "swiss"]
[EventRounds "10"]
[EventCountry "BRA"]
[SourceTitle "CBM 194 Extra"]
[Source "ChessBase"]
[SourceDate "2020.03.31"]
[SourceVersion "1"]
[SourceVersionDate "2020.03.31"]
[SourceQuality "1"]

1. Nf3 d5 2. g3 g6 3. Bg2 Bg7 4. d4 Nf6 5. 0-0 c5 6. c4 0-0 7. Nc3 cxd4 8. Nxd4 e5 9. Nb3 d4 10. Ne4 Nxe4 11. Bxe4 Nc6 12. e3 Bh3 13. Re1 Rc8 14. exd4 exd4 15. Bf4 Be6 16. Bd3 g5 17. Qh5 h6 18. Bd2 Qf6 19. f4 gxf4 20. Bxf4 Ne7 21. Be5 Qg5 22. Qxg5 hxg5 23. Bxg7 Kxg7 24. a3 Nc6 25. Be4 Rfd8 26. Rad1 Bg4 27. Rd2 Re8 28. Kf2 1/2-1/2

[Event "Concordia op 5th"]
[Site "Concordia"]
[Date "2019.05.04"]
[Round "7"]
[White "Panazzolo, Paulo Victor"]
[Black "Guedes, Matheus Resende"]
[Result "0-1"]
[WhiteElo "1727"]
[BlackElo "1957"]
[PlyCount "106"]
[EventDate "2019.05.01"]
[EventType "swiss"]
[EventRounds "9"]
[EventCountry "BRA"]
[SourceTitle "CBM 190 Extra"]
[Source "ChessBase"]
[SourceDate "2019.07.15"]
[SourceVersion "1"]
[SourceVersionDate "2019.07.15"]
[SourceQuality "1"]

1. e4 e5 2. Nf3 Nc6 3. Bc4 Bc5 4. b4 Bxb4 5. c3 Be7 6. d4 Na5 7. Bxf7+ Kxf7 8. Nxe5+ Kf8 9. Qf3+ Nf6 10. g4 d6 11. g5 dxe5 12. gxf6 Bxf6 13. dxe5 Nc4 14. exf6 Qxf6 15. Qxf6+ gxf6 16. Na3 Be6 17. Nb5 Rd8 18. Nxc7 Bg4 19. Bh6+ Kf7 20. h3 Bf3 21. Rg1 Rhg8 22. Rg3 Bxe4 23. Rd1 Rxd1+ 24. Kxd1 Rxg3 25. fxg3 a6 26. g4 Ke7 27. g5 f5 28. g6 hxg6 29. Bf4 Kd7 30. h4 Nb2+ 31. Ke2 Nd3 32. Bh2 f4 33. Na8 Kc6 34. a4 b5 35. a5 f3+ 36. Kf1 Bf5 37. Bg3 Bg4 38. Nb6 Nc5 39. c4 b4 40. Nd5 Nd3 41. Bf2 b3 42. Nc3 Nxf2 43. Kxf2 b2 44. Kg3 Bf5 45. Kxf3 b1Q 46. Nxb1 Bxb1 47. Kg4 Kc5 48. h5 gxh5+ 49. Kxh5 Kxc4 50. Kg4 Kb4 51. Kf3 Kxa5 52. Ke2 Kb4 53. Kd2 Kb3 0-1

[Event "Florianopolis op 5th"]
[Site "Florianopolis"]
[Date "2019.01.24"]
[Round "6"]
[White "Da Silva, Marcos Henrique"]
[Black "Panazzolo, Paulo Victor"]
[Result "0-1"]
[WhiteElo "1448"]
[BlackElo "1708"]
[PlyCount "60"]
[EventDate "2019.01.21"]
[EventType "swiss"]
[EventRounds "10"]
[EventCountry "BRA"]
[SourceTitle "CBM 188 Extra"]
[Source "ChessBase"]
[SourceDate "2019.02.26"]
[SourceVersion "1"]
[SourceVersionDate "2019.02.26"]
[SourceQuality "1"]

1. e4 e5 2. Nf3 Nc6 3. Bb5 a6 4. Ba4 Nf6 5. d3 b5 6. Bb3 d5 7. 0-0 dxe4 8. dxe4 Be7 9. Bg5 0-0 10. Nbd2 h6 11. Bh4 Bg4 12. Qe2 Nd4 13. Qe3 Bc5 14. Nxd4 Bxd4 15. Bxf6 Qxf6 16. Qg3 Bh5 17. c3 Bb6 18. Bd1 Rad8 19. Bxh5 Rxd2 20. Rab1 Rfd8 21. Bd1 Qd6 22. Qf3 Rd3 23. Qe2 Qf6 24. Bb3 Rd2 25. Qe1 Qg5 26. g3 c5 27. Bd5 c4 28. h4 Qxg3+ 29. Kh1 Qh3+ 30. Kg1 Rd3 0-1